000 00779cam a2200277 a 4500
999 _c3439
_d3439
001 29521769
003 OCoLC
005 20181113120700.0
008 931130s1994 ilua b 000 0 eng
010 _a93046109
020 _a1564762467
040 _aDLC
_cDLC
082 _a658.40
_bF516T
092 _a658.4092
_bF516T
100 1 _aFinzel, Hans
245 1 4 _aThe top ten mistakes leaders make /
_cHans Finzel
250 _aInd. Ed.
260 _aWheaton, Ill. :
_bVictor Books,
_cc1994
260 _aAndhra Pradesh, India :
_bOM Books,
_c1999.
300 _a200 p. :
_bill. ;
_c23 cm
504 _aIncludes bibliographical references (p. 197-200)
650 0 _aLeadership
650 0 _aExecutive ability
740 0 1 _aTop 10 mistakes leaders make
942 _2ddc
_cBK